=LDR 00000nam 2200000 4500 =001 INLIS000000000017998 =005 20210506011324 =035 ##$$a 0010-061300000017998 =008 210506################g##########0#ind## =041 ##$$a Ind =082 ##$$a 338.6 =090 ##$$a 338.6, Cho f =100 ##$$a Cho, Dong-Sung =245 1#$$a From Adam Smith to Michael Poder : $b Evaluasi teori daya saing /$c Dong - Sung Cho, Hwy-Chang Moon =260 ##$$a Jakarta :$b Salemba Empat,$c 2003 =300 ##$$a xxi, 268 hlm, ; $c 22 x 14 cm =650 #4$$a Persaingan =850 ##$$a NBPNMAT =020 ##$$a 979-691-150-7 =084 ##$$a 338.6 CHO f =250 ##$$a cet.1 =700 #$$a Moon, Hwy-Chang =990 ##$$a 20604969 =990 ##$$a 20604971 =990 ##$$a 20604970 =990 ##$$a 20604968